Jan, Martin a Marie Anna aneb Genealogický exkurs k Tálínskému rybníku

Titel: Jan, Martin a Marie Anna aneb Genealogický exkurs k Tálínskému rybníku / Jan Antonín Mager
Verfasser:
Veröffentlicht: [Prachatice] : Prachatické muzeum, 2019
Umfang: 39 Seiten : Illustrationen, Porträts, Notenbeispiele ; 22 cm
Format: Buch
Sprache: Tschechisch
Schlagworte:
ISBN: 9788087421444 ; 8087421442
Buchumschlag
X
alg: 46623154
001A    $03004:02-07-20 
001B    $03004:08-11-21 $t11:42:08.000 
001D    $03004:07-11-21 
001U    $0utf8 
001X    $00 
002@    $0Aau 
002C    $aText $btxt $2rdacontent 
002D    $aohne Hilfsmittel zu benutzen $bn $2rdamedia 
002E    $aBand $bnc $2rdacarrier 
003@    $0466231547 
004A    $A978-80-87421-44-4 
004A    $080-87421-44-2 
006C    $01143832452 $aOCoLC 
007A    $0466231547 $aHEB 
010@    $acze 
010E    $erda 
011@    $a2019 $n2019 
021A    $aJan, Martin a Marie Anna aneb Genealogický exkurs k Tálínskému rybníku $hJan Antonín Mager 
028A    $BVerfasser $4aut $7136766749 $8Mager, Jan Antonín$Z1941- [Tp3] $9207237077 
033A    $p[Prachatice] $nPrachatické muzeum 
034D    $a39 Seiten 
034I    $a22 cm 
034M    $aIllustrationen, Porträts, Notenbeispiele 
037A    $a80 výtisků 
037A    $aEnthält Literaturangaben 
044K    $8Tálín [Tg3] $9487480805 
044K    $RHistorische Hilfswissenschaften $RAbstammung $RLineage $RGenealoge $#Genealogy $#Généalogie $#Genealogie $#Ahnenforschung $#Ahnenkunde $#Familienforschung Genealogie $#Familiengeschichte Genealogie $#Familienkunde $#Historische Familienforschung $#Sippenkunde $#Abstammung Genealogie $#Herkunft Genealogie $74020097-8 $8Genealogie [Ts1] $9085048054 

lok: 46623154 24

exp: 46623154 24 1 #EPN
201B/01 $008-11-21 $t11:42:08.000 
201C/01 $002-07-20 
201U/01 $0utf8 
203@/01 $01113872918 
208@/01 $a07-11-21 $bz 
209A/01 $aS 36033 $du $f050 $hS 36033 $x00 
209C/01 $a20.02194 T $h20 02194 T 
209G/01 $a74233449 $x00 
220C/01 $akon 
244Z/01 $8--Tg3--Tálín $x01 $9487480805 
247C/01 $8358050-7 Marburg, Bibliothek des Herder-Instituts Marburg $9102600961
LEADER 00000cam a2200000 c 4500
001 466231547
003 DE-603
005 20211108114208.0
007 tu
008 200702s2019 xx |||| | u00||u|cze c
020 |a 9788087421444 
020 |a 8087421442 
035 |a (DE-599)HEB466231547 
040 |a DE-603  |b ger  |c DE-603  |d DE-603  |e rda 
041 |a cze 
100 1 |a Mager, Jan Antonín  |d 1941-  |e Verfasser  |4 aut  |0 (DE-603)207237077  |0 (DE-588)136766749  |2 gnd 
245 0 0 |a Jan, Martin a Marie Anna aneb Genealogický exkurs k Tálínskému rybníku  |c Jan Antonín Mager 
264 1 |a [Prachatice]  |b Prachatické muzeum  |c 2019 
300 |a 39 Seiten  |b Illustrationen, Porträts, Notenbeispiele  |c 22 cm 
336 |a Text  |b txt  |2 rdacontent 
337 |a ohne Hilfsmittel zu benutzen  |b n  |2 rdamedia 
338 |a Band  |b nc  |2 rdacarrier 
500 |a 80 výtisků 
500 |a Enthält Literaturangaben 
650 7 |a Genealogie  |0 (DE-588)4020097-8  |0 (DE-603)085048054  |2 gnd 
651 7 |a Tálín  |0 (DE-588)1245315781  |0 (DE-603)487480805  |2 gnd 
924 0 |9 Mb 50  |a (DE-603)1113872918  |b DE-Mb50  |c HES  |d c  |g S 36033